| 000 | 00353nam a2200133Ia 4500 | ||
|---|---|---|---|
| 008 | 151213s9999 xx 000 0 und d | ||
| 100 | _aD. W. Lindsoy | ||
| 245 |
_aBlake : Songs of P innocence & Experience _cD. W. Lindsoy |
||
| 260 |
_aHampshire _bMacwilliam _c1989 |
||
| 300 | _a1862 p. | ||
| 650 | _aEnglish | ||
| 700 | _aD. W. Lindsoy | ||
| 999 |
_c1367 _d1367 |
||